Economic theory and economic policy : two views /

Uloženo v:
Podrobná bibliografie
Hlavní autor: Harcourt, G. C. (Geoffrey Colin), 1931-
Korporativní autor: University of Queensland. Dept. of Economics
Médium: Kniha
Jazyk:English
Vydáno: [St. Lucia, Qld.] : Dept. of Economics, University of Queensland, 1997.
Edice:Discussion paper (University of Queensland. Dept. of Economics), ISSN 1033-4661 ; no. 221.
Témata:
LEADER 01608cam a2200373 a 4500
001 c000311976
003 CARM
005 00000000000000.0
008 971219s1997 qeaa b 000 0 eng d
019 1 |a 13525742  |z 45215402  |z 48934846  |5 LACONCORD2021 
035 |a (OCoLC)222099758  |5 LACONCORD2021 
040 |a QUT  |b eng  |c QUT 
042 |a anuc 
082 0 4 |a 330.072 
100 1 |a Harcourt, G. C.  |q (Geoffrey Colin),  |d 1931- 
245 1 0 |a Economic theory and economic policy :  |b two views /  |c G.C. Harcourt. 
246 1 4 |a Economic theory and economic views. 
260 |a [St. Lucia, Qld.] :  |b Dept. of Economics, University of Queensland,  |c 1997. 
300 |a 25 p. :  |b ill. ;  |c 21 cm. 
490 0 |a Colin Clark memorial lecture ;  |v 7th. 
490 0 |a Discussion papers / Dept. of Economics, University of Queensland,  |x 1033-4661 ;  |v no. 221. 
500 |a "Seventh Colin Clark memorial lecture, 1997" --cover. 
500 |a "June 1997" 
504 |a Includes bibliographical references (p. 24-25) 
600 1 0 |a Clark, Colin,  |d 1905-1989. 
600 1 0 |a Kaldor, Nicholas,  |d 1908-1986. 
600 1 0 |a Stiglitz, Joseph E. 
650 0 |a Economic policy. 
650 0 |a Economics  |x History  |y 20th century. 
710 2 |a University of Queensland.  |b Dept. of Economics. 
830 0 |a Discussion paper (University of Queensland. Dept. of Economics), ISSN 1033-4661 ;  |v no. 221. 
852 8 |b CARM  |h A3:AD38B0  |i B11463  |p 0475222  |f BK 
999 f f |i 1ad11e29-4447-597a-8d79-97e0713f493d  |s 2eb92273-431b-5ee8-a8bd-0b3ce701e822 
952 f f |p Can circulate  |a CAVAL  |b CAVAL  |c CAVAL  |d CARM 1 Store  |e B11463  |f A3:AD38B0  |h Other scheme  |i book  |m 0475222